| 000 | 03338nam a2200349 a 4500 | ||
|---|---|---|---|
| 001 | 000029832 | ||
| 005 | 20250219170734.0 | ||
| 008 | 110426s2011 dr 000 0 spa d | ||
| 020 | _a9789945869651 | ||
| 020 | _a9789945869668 | ||
| 040 |
_aDO-SdBNP _bspa _cBNPHU |
||
| 082 |
_a304.8 _bM935m |
||
| 245 | 0 | 0 |
_aMovimientos migratorios desde y hacia la República Dominicana / _ceditor Roberto E. Liz ; prólogo Juan Temístocles Montas ; introducción Wilfredo Lozano. |
| 260 |
_aSanto Domingo : _bMinisterio de Economia, Planificación y Desarrollo : _bFIES , _c2011. |
||
| 300 |
_a2 v. ; _c23 cm. |
||
| 500 | _aIncluye referencias bibliográficas y notas al pie de las páginas | ||
| 500 | _aIncluye referencias bibliográficas al final de los capítulos | ||
| 505 | 0 |
_gv.1 _tPresentación / _rRoberto E. Liz -- _tPrólogo / _tJuan Temístocles Montás -- _tIntroducción / _rWilfredo Lozano -- _tLa mano de obra haitiana en la construcción: características, valoraciones y prácticas / _rIsis Duarte -- _tCostos y beneficios de la mano de obra haitiana en el sector construcción / _rMilka Cuello y Felipe Santos -- _tLa presencia de la mujeres migrantes haitianas en el servicio doméstico en la República Dominicana / _rBridget Wooding y Alicia Sangro -- _tImpacto de la migración haitiana sobre el mercado laboral y las finanzas públicas en la República Dominicana / _rJaime Aristy Escuder -- _tRemesas, pobreza y desigualdad: una perspectiva desde los hogares y las regiones de la República Dominicana / _rRamonina Brea y Joel Arboleda -- _tNotas bibliográfica de los autores -- _gv. 2 _tÍndice general -- _tPresentación de los editores / _rRoberto E. Liz -- _tPrólogo / _rJuan Temístocles Montás -- _tintroducción: las rutas de inmigración / _rWilfredo Lozano -- _tLa migración y sus repercusiones en la escuela: análisis de la situación y de la percepciones de cambio social / _rRaymundo González, Josefina Zaiter, Monica Gozález -- _tInclusión de niños inmigrantes haitianos en el sistema escolar dominicano / _rLiliam N. García Márquez, Víctor Ml. Brens Paulino -- _tLos estudiantes universitarios haitianos en la República Dominicana / _rFrank D´Oleo Ramírez -- _tOtras migraciones y remesas -- _tLa otra migración: estudios sobre la corrientes de in migración de procedencia extra-insular / _rFrancisco E. Cáceres Ureña, Francisco B. Báez Evertz, César A. Caamaño Díaz -- _tMigraciones a España y remesas / _rAlejandro Martínez, Alicia Sangro -- _tNota biográfica de los autores |
|
| 590 | _aInventariado, 2018/VM | ||
| 650 | 4 |
_aMigración interna _zRepública Dominicana _953304 |
|
| 650 | 4 |
_aHaitianos en república dominicana _92246 |
|
| 650 | 0 |
_aDominicanos en España _92176 |
|
| 651 | 4 |
_aRepública Dominicana _xEmigración E Inmigración _xAspectos Sociales _99361 |
|
| 651 | 4 |
_aRepública Dominicana _xEmigración E Inmigración _xAspectos Económicos _99359 |
|
| 700 | 1 | 2 |
_aLozano, Wilfredo _d1950- _eintrod. _97126 |
| 700 | 1 | 2 |
_aLiz, Roberto E. _eed. _937488 |
| 700 | 1 | 2 |
_aMontás, Juan Temístocles _d1950- _epról. _979676 |
| 700 | 1 |
_aLozano, Wilfredo _d1950- _eintrod. _97126 |
|
| 710 | 1 |
_aRepública Dominicana. _bMinisterio de Economía, Planificación y Desarrollo _966142 |
|
| 710 | 2 |
_aFondo para el Fomento de la Investigación Económica y Social _956587 |
|
| 910 | _aValidado. Control de calidad MFF | ||
| 999 |
_c29324 _d29324 |
||